书目信息 |
| 题名: |
微生物学辅导与习题详解
|
|
| 作者: | 何冬兰 著 | |
| 分册: | ||
| 出版信息: | 武汉 华中科技大学出版社 2008.8 |
|
| 页数: | 210页 | |
| 开本: | 24cm | |
| 丛书名: | ||
| 单 册: | ||
| 中图分类: | Q93 | |
| 科图分类: | ||
| 主题词: | 微生物学 | |
| 电子资源: | ||
| ISBN: | 978-7-5609-4763-1 | |
| 000 | 00738nam0 2200241 450 | |
| 001 | 0100023075 | |
| 005 | 20110617143348.64 | |
| 010 | @a978-7-5609-4763-1@dCNY23.50 | |
| 100 | @a20100118d2007 km y0chiy0120 ea | |
| 101 | 0 | @achi |
| 102 | @aCN@b420000 | |
| 105 | @ay a 000yy | |
| 200 | 1 | @a微生物学辅导与习题详解@9wei sheng wu xue fu dao yu xi ti xiang jie@f何冬兰著@Fhe dong lan zhu |
| 210 | @a武汉@c华中科技大学出版社@d2008.8 | |
| 215 | @a210页@d24cm | |
| 330 | @a本书介绍了一些微生物的基本概况,有利于读者对微生物的了解 | |
| 540 | @a微生物学辅导与习题详解 | |
| 606 | @a微生物学 | |
| 690 | @aQ93@v4 | |
| 701 | 0 | @a何冬兰@9he dong lan@4著 |
| 801 | @aCN@bDYGS@c20110617 | |
| 901 | @a201003 | |
| 905 | @b946572-76@dQ93@eH160@f5 | |
| 微生物学辅导与习题详解/何冬兰著.-武汉:华中科技大学出版社,2008.8 |
| 210页;24cm |
| ISBN 978-7-5609-4763-1:CNY23.50 |
| 本书介绍了一些微生物的基本概况,有利于读者对微生物的了解 |
| ● |
| 相关链接 |
|
|
|
正题名:微生物学辅导与习题详解
索取号:Q93/H160
 
预约/预借
| 序号 | 登录号 | 条形码 | 馆藏地/架位号 | 状态 | 备注 |
| 1 | 466355 | 204663550 | 自科二线504/504自科库 37排1列5层/ [索取号:Q93/H160] | 在馆 | |
| 2 | 946572 | 209465728 | 自科二线504/504自科库 37排1列5层/ [索取号:Q93/H160] | 在馆 | |
| 3 | 946573 | 209465737 | 自科库401/401自科库 33排1列5层/ [索取号:Q93/H160] | 在馆 | |
| 4 | 946574 | 209465746 | 自科二线504/504自科库 37排1列5层/ [索取号:Q93/H160] | 在馆 | |
| 5 | 946575 | 209465755 | 自科二线504/504自科库 37排1列5层/ [索取号:Q93/H160] | 在馆 | |
| 6 | 946576 | 209465764 | 自科库401/401自科库 33排1列5层/ [索取号:Q93/H160] | 在馆 |